000 00514nam a22001697a 4500
005 20251108164013.0
008 250721s9999 xx 000 0 ara d
082 1 4 _a004.22/غار
100 1 _aبريستون، غارالا
245 1 0 _aالدليل المبسط ل ترقية الحاسوب و تصليحه /
264 1 _aبيروت :
_bالدار العربية،
_c[19-].
300 _a221ص.
650 1 7 _aالحواسيب
650 1 7 _aهندسة البرمجيات
942 _2ddc
_cBK
999 _c1192
_d1192